Thiết kế và thi công công trình nổ phá

Gespeichert in:
Bibliographische Detailangaben
1. Verfasser: Nguyễn, Xuân Trọng
Format: Buch
Sprache:Undetermined
Veröffentlicht: Hà Nội Xây dựng 2003
Schlagworte:
Tags: Tag hinzufügen
Keine Tags, Fügen Sie den ersten Tag hinzu!
Thư viện lưu trữ: Trung tâm Học liệu Trường Đại học Cần Thơ
LEADER 00590nam a2200205Ia 4500
001 CTU_96567
008 210402s9999 xx 000 0 und d
020 |c 42000 
082 |a 692.5 
082 |b Tr431 
100 |a Nguyễn, Xuân Trọng 
245 0 |a Thiết kế và thi công công trình nổ phá 
245 0 |c Nguyễn Xuân Trọng 
260 |a Hà Nội 
260 |b Xây dựng 
260 |c 2003 
650 |a Building,Building inspection 
650 |x Estimates 
904 |i Tuyến 
980 |a Trung tâm Học liệu Trường Đại học Cần Thơ